00630nam a2200145 a 450000100100000000500170001000800410002704000250006808200130009311000540010624501840016026000800034430000350042450400250045900004895620220824105235.0190425s2015 dr bc 000 0 spa d aDO-SdBNPbspacBNPHU axxxbxxx1 aMinisterio de Medio Ambiente y Recursos Naturales10aPlan estratégico para la solución definitiva de la problemática del Parque Nacional Los Haitises :bcomisión especial para el Parque Nacional Los Haitises decreto 360-13/. aSanto Domingo, :bMinisterio de Medio Ambiente y Recursos Naturales,c2015. a48 p. :bmapa, retr. ;c28 cm. aBibliografía p: 40